| 000 | 00675nam a22001937a 4500 | ||
|---|---|---|---|
| 999 |
_c160655 _d160655 |
||
| 005 | 20190213164207.0 | ||
| 010 | _aENG-124766 | ||
| 020 |
_a9788193812228 _c850.00 |
||
| 035 | _aEN-108298 | ||
| 037 | _bDBAD/PUB | ||
| 082 | _a352.16 | ||
| 100 | _aRamakrishna, Chintha | ||
| 245 |
_aUrban governance: _brole of jnnurm/ _cby Chintha Ramakrishna |
||
| 260 |
_aNew Delhi _bAtharv Publications _c2019 |
||
| 270 |
_a110, 1st Floor, Gali No-4, Har[jppl Vihar, Bapraula _bNew Delhi _e110043 _k07065515773 _matharvpublications@gmail.com |
||
| 300 |
_axvi,261p _c21cm(Hb) |
||
| 500 | _aincludes bibliographical references and index | ||
| 942 |
_2ddc _cEN _h352.16 _mRAM |
||